[Event "Bergen Sommer op"]
[Site "Bergen"]
[Date "2003.08.06"]
[Round "4"]
[White "Torkilseng, Runar"]
[Black "Erlandsen, Rune"]
[Result "1-0"]
[WhiteElo "1403"]
[BlackElo "1371"]
[PlyCount "71"]
[EventDate "2003.08.??"]
[EventType "swiss"]
[EventRounds "6"]
[EventCountry "NOR"]
[SourceTitle "EXT 2005"]
[Source "ChessBase"]
[SourceDate "2004.11.15"]
[SourceVersion "1"]
[SourceVersionDate "2004.11.15"]
[SourceQuality "1"]

1. d4 d5 2. c4 e6 3. Nf3 c5 4. e3 Nf6 5. Be2 Be7 6. Nc3 Nc6 7. 0-0 0-0 8. dxc5 Bxc5 9. cxd5 exd5 10. Na4 Be7 11. b3 Bf5 12. Bb2 Rc8 13. a3 h6 14. Rc1 Ne8 15. b4 Bf6 16. Bxf6 Nxf6 17. Nc5 b6 18. Nb3 Bh7 19. Bb5 Ne7 20. Nbd4 Ne4 21. Ba6 Rxc1 22. Qxc1 g5 23. Nb5 Ng6 24. Qc6 g4 25. Nfd4 Nd2 26. Rd1 Nf3+ 27. gxf3 gxf3 28. Nxf3 Nh4 29. Nbd4 Be4 30. Be2 Bxf3 31. Nxf3 Nxf3+ 32. Bxf3 Qg5+ 33. Kh1 Kh7 34. Rg1 Qh4 35. Qc2+ f5 36. Qc7+ 1-0

[Event "NOR-ch lilleputt"]
[Site "Fredrikstad"]
[Date "2003.07.09"]
[Round "6"]
[White "Ronningen, Anders"]
[Black "Erlandsen, Rune"]
[Result "0-1"]
[WhiteElo "796"]
[BlackElo "1371"]
[PlyCount "28"]
[EventDate "2003.07.??"]
[EventType "swiss"]
[EventRounds "9"]
[EventCountry "NOR"]
[SourceTitle "CBM 095 Extra"]
[Source "ChessBase"]
[SourceDate "2003.09.04"]
[SourceVersion "1"]
[SourceVersionDate "2003.09.04"]
[SourceQuality "1"]

1. e4 e5 2. Nf3 Nc6 3. d4 exd4 4. Nxd4 Qh4 5. Qd3 Nb4 6. Qe3 Bc5 7. Bd3 Nf6 8. a3 Ng4 9. g3 Qf6 10. Qf4 Nxd3+ 11. cxd3 Qxf4 12. Bxf4 Bxd4 13. f3 Nf2 14. Rf1 Nxd3+ 0-1

[Event "Barents Region-chB"]
[Site "Alta"]
[Date "2003.06.19"]
[Round "3"]
[White "Nemkin, Ruslan"]
[Black "Erlandsen, Rune"]
[Result "1-0"]
[WhiteElo "1200"]
[BlackElo "1378"]
[PlyCount "43"]
[EventDate "2003.06.??"]
[EventType "swiss"]
[EventRounds "6"]
[EventCountry "NOR"]
[SourceTitle "EXT 2005"]
[Source "ChessBase"]
[SourceDate "2004.11.15"]
[SourceVersion "1"]
[SourceVersionDate "2004.11.15"]
[SourceQuality "1"]

1. d4 d5 2. Nf3 Nf6 3. c4 e6 4. Nc3 Nbd7 5. Bg5 a6 6. cxd5 exd5 7. Nxd5 Be7 8. Nxe7 Qxe7 9. e3 0-0 10. Be2 h6 11. Bh4 b6 12. 0-0 Bb7 13. Bg3 c5 14. dxc5 Ne4 15. Bd6 Nxd6 16. cxd6 Qf6 17. Qd4 Qg6 18. Rac1 Rfd8 19. Rc7 Nc5 20. Bc4 Rf8 21. Nh4 Qg5 22. b4 1-0

[Event "Tromsoe Challenger"]
[Site "Tromsoe"]
[Date "2002.04.05"]
[Round "1"]
[White "Erlandsen, Rune"]
[Black "Jensen, Jens Otto"]
[Result "0-1"]
[WhiteElo "1289"]
[BlackElo "1467"]
[PlyCount "48"]
[EventDate "2002.04.??"]
[EventType "swiss"]
[EventRounds "5"]
[EventCountry "NOR"]
[SourceTitle "EXT 2005"]
[Source "ChessBase"]
[SourceDate "2004.11.15"]
[SourceVersion "1"]
[SourceVersionDate "2004.11.15"]
[SourceQuality "1"]

1. e4 c5 2. Nf3 d6 3. d4 cxd4 4. Nxd4 Nf6 5. Nc3 a6 6. Be3 e6 7. Qf3 Nbd7 8. 0-0-0 Be7 9. Qg3 0-0 10. Be2 Kh8 11. Rd3 Nc5 12. Rdd1 Ncxe4 13. Nxe4 Nxe4 14. Qf3 Nf6 15. h4 Nd5 16. Bd3 Nxe3 17. fxe3 f5 18. Qg3 e5 19. Nb3 Be6 20. Nd2 Qc7 21. Kb1 Rac8 22. Rc1 e4 23. Be2 Bxa2+ 24. Ka1 Qa5 0-1